[Event "Mogliano Veneto op-A 43th"]
[Site "Mogliano Veneto"]
[Date "2023.04.24"]
[Round "2"]
[White "Redo, Giorgio"]
[Black "Rostolis, Riccardo"]
[Result "0-1"]
[WhiteElo "2055"]
[BlackElo "1989"]
[PlyCount "80"]
[EventDate "2023.04.23"]
[EventType "swiss"]
[EventRounds "5"]
[EventCountry "ITA"]
[SourceTitle "EXT 2024"]
[Source "ChessBase"]
[SourceDate "2023.10.10"]
[SourceVersion "1"]
[SourceVersionDate "2023.10.10"]
[SourceQuality "1"]

1. f4 c5 2. Nf3 Nc6 3. e3 d5 4. Bb5 Bd7 5. 0-0 Nf6 6. b3 g6 7. Bb2 Bg7 8. Bxc6 Bxc6 9. Ne5 0-0 10. d3 Qb6 11. Nd2 Rac8 12. Qe1 Nd7 13. Nxc6 Qxc6 14. Bxg7 Kxg7 15. f5 Nf6 16. e4 e5 17. Qh4 dxe4 18. Nxe4 Nxe4 19. dxe4 Qf6 20. Qg3 g5 21. Rad1 Rcd8 22. h4 h6 23. hxg5 hxg5 24. Rd5 Rxd5 25. exd5 e4 26. Qe3 Qd4 27. Re1 Re8 28. g4 Kf6 29. c4 Qxe3+ 30. Rxe3 Ke5 31. Kf2 Rh8 32. Kg3 Rh1 33. Kg2 Rd1 34. Kf2 Kf4 35. Re1 Rd2+ 36. Re2 e3+ 37. Ke1 Rd4 38. Rc2 Kxg4 39. f6 Kf3 40. a3 g4 0-1

[Event "Venice Autumn op 24th"]
[Site "Venice"]
[Date "2017.11.01"]
[Round "7"]
[White "Solomon, Kenny"]
[Black "Redo, Giorgio"]
[Result "1-0"]
[WhiteElo "2396"]
[BlackElo "2078"]
[PlyCount "61"]
[EventDate "2017.10.28"]
[EventType "swiss"]
[EventRounds "7"]
[EventCountry "ITA"]
[SourceTitle "CBM 181 Extra"]
[Source "ChessBase"]
[SourceDate "2017.12.12"]
[SourceVersion "1"]
[SourceVersionDate "2017.12.12"]
[SourceQuality "1"]

1. d4 Nf6 2. Nf3 d5 3. c4 c6 4. Nc3 e6 5. g3 Bd6 6. Bg2 Nbd7 7. Qd3 0-0 8. 0-0 Re8 9. Rd1 a6 10. e4 dxe4 11. Nxe4 Nxe4 12. Qxe4 Qc7 13. c5 Be7 14. Bf4 Qd8 15. Qc2 Nf6 16. Bg5 Nd5 17. Bxe7 Rxe7 18. Ne5 Bd7 19. Be4 g6 20. Re1 Qf8 21. Qd2 Rae8 22. b4 Qg7 23. a4 f6 24. Nc4 Bc8 25. Nd6 Rd8 26. b5 axb5 27. axb5 cxb5 28. Ra8 Rc7 29. Bxd5 exd5 30. Re8+ Rxe8 31. Nxe8 1-0

[Event "Venice Autumn op 23rd"]
[Site "Venice"]
[Date "2016.10.30"]
[Round "2"]
[White "Redo, Giorgio"]
[Black "Bouwens, Harko"]
[Result "1-0"]
[WhiteElo "2077"]
[BlackElo "1972"]
[PlyCount "79"]
[EventDate "2016.10.29"]
[EventType "swiss"]
[EventRounds "6"]
[EventCountry "ITA"]
[SourceTitle "CBM 175 Extra"]
[Source "ChessBase"]
[SourceDate "2016.12.12"]
[SourceVersion "1"]
[SourceVersionDate "2016.12.12"]
[SourceQuality "1"]

1. f4 d6 2. Nf3 Bg4 3. e3 c6 4. b3 e5 5. fxe5 dxe5 6. Be2 Bd6 7. Bb2 Qc7 8. Nc3 Nf6 9. Ng5 Bf5 10. e4 Bg6 11. d3 Nbd7 12. 0-0 Bc5+ 13. Kh1 h6 14. Nh3 Bd4 15. Na4 Bxb2 16. Nxb2 Nc5 17. Nc4 Ne6 18. Bg4 Ke7 19. Bxe6 Kxe6 20. Qf3 Ke7 21. Rae1 Nd7 22. Qg3 Rae8 23. d4 b5 24. Ne3 Kd8 25. d5 Nf6 26. Nf2 Nh5 27. Qh4+ Qe7 28. Qg4 Nf6 29. Qd1 c5 30. Neg4 Bh5 31. Qe2 Nxg4 32. Nxg4 Qd7 33. Rf5 Bxg4 34. Qxg4 g6 35. Qh4+ Kc7 36. Rf6 Kb7 37. Qf2 Re7 38. Qxc5 Rc8 39. Rc6 f5 40. Rxc8 1-0

[Event "Venice Autumn op 23rd"]
[Site "Venice"]
[Date "2016.10.29"]
[Round "1"]
[White "Dappiano, Andrea"]
[Black "Redo, Giorgio"]
[Result "1-0"]
[WhiteElo "2288"]
[BlackElo "2077"]
[PlyCount "43"]
[EventDate "2016.10.29"]
[EventType "swiss"]
[EventRounds "6"]
[EventCountry "ITA"]
[SourceTitle "CBM 175 Extra"]
[Source "ChessBase"]
[SourceDate "2016.12.12"]
[SourceVersion "1"]
[SourceVersionDate "2016.12.12"]
[SourceQuality "1"]

1. e4 c5 2. c3 d5 3. exd5 Qxd5 4. d4 Nf6 5. Nf3 Bg4 6. Be2 Nc6 7. 0-0 e6 8. h3 Bh5 9. Be3 Ne4 10. c4 Qd7 11. d5 exd5 12. cxd5 Nb4 13. Ne5 Bxe2 14. Qxe2 Qxd5 15. Qb5+ Ke7 16. Nc3 Qxe5 17. Nxe4 Qxe4 18. Bg5+ Kd6 19. Rad1+ Nd5 20. Qxb7 Re8 21. Bf4+ Qxf4 22. Qxd5+ 1-0

[Event "Padova op-A 18th"]
[Site "Padova"]
[Date "2015.12.14"]
[Round "2.30"]
[White "Redo, Giorgio"]
[Black "Capito, Mario"]
[Result "1-0"]
[WhiteElo "2055"]
[BlackElo "1879"]
[PlyCount "57"]
[EventDate "2015.12.13"]
[EventType "swiss"]
[EventRounds "9"]
[EventCountry "ITA"]
[SourceTitle "EXT 2024"]
[Source "ChessBase"]
[SourceDate "2023.10.10"]
[SourceVersion "1"]
[SourceVersionDate "2023.10.10"]
[SourceQuality "1"]

1. f4 b6 2. Nf3 Bb7 3. e3 g6 4. c4 c5 5. Nc3 Bg7 6. d4 Nh6 7. d5 Bxc3+ 8. bxc3 f5 9. Be2 d6 10. 0-0 0-0 11. Ng5 Bc8 12. Bf3 Na6 13. Qe1 Nc7 14. Qh4 Kg7 15. h3 Rh8 16. g4 Rb8 17. e4 e6 18. gxf5 exf5 19. e5 Ng8 20. Be2 dxe5 21. fxe5 h6 22. Nf3 g5 23. Qg3 Qf8 24. Nh4 Kh7 25. Nxf5 Bxf5 26. Rxf5 Qe8 27. Bd3 Kg7 28. e6 Nxe6 29. Qe5+ 1-0

[Event "Padova op-A 17th"]
[Site "Padova"]
[Date "2014.12.18"]
[Round "6.30"]
[White "Di Lazzaro, Gabriele"]
[Black "Redo, Giorgio"]
[Result "1-0"]
[WhiteElo "1941"]
[BlackElo "2084"]
[PlyCount "79"]
[EventDate "2014.12.14"]
[EventType "swiss"]
[EventRounds "9"]
[EventCountry "ITA"]
[SourceTitle "EXT 2024"]
[Source "ChessBase"]
[SourceDate "2023.10.10"]
[SourceVersion "1"]
[SourceVersionDate "2023.10.10"]
[SourceQuality "1"]

1. d4 c5 2. d5 e5 3. e4 d6 4. Nf3 Nf6 5. Nc3 g6 6. Be2 Bg7 7. 0-0 0-0 8. a4 b6 9. Bg5 h6 10. Bd2 a6 11. b3 Nh5 12. Ne1 Nf4 13. Nd3 Nd7 14. Rc1 g5 15. Bg4 Nf6 16. Bxc8 Rxc8 17. Nxf4 exf4 18. f3 Re8 19. Ne2 Nd7 20. g3 fxg3 21. Nxg3 c4 22. Nf5 c3 23. Be3 Ne5 24. Qe2 a5 25. Kh1 Bf8 26. Rg1 Ng6 27. Rg3 Qf6 28. Rcg1 Nf4 29. Qf2 Nh5 30. Rh3 Qg6 31. Nh4 Qg7 32. Bd4 f6 33. Nf5 Qg6 34. Be3 Kh7 35. Qg2 Qf7 36. Qg4 Nf4 37. Bxf4 gxf4 38. Qxf4 h5 39. Qg4 Bh6 40. Rxh5 1-0

[Event "Venice Autumn op 20th"]
[Site "Venice"]
[Date "2014.10.31"]
[Round "1"]
[White "Redo, Giorgio"]
[Black "Xia, Jie"]
[Result "0-1"]
[WhiteElo "2078"]
[BlackElo "2287"]
[PlyCount "78"]
[EventDate "2014.10.31"]
[EventType "swiss"]
[EventRounds "5"]
[EventCountry "ITA"]
[SourceTitle "EXT 2015"]
[Source "ChessBase"]
[SourceDate "2014.11.20"]
[SourceVersion "1"]
[SourceVersionDate "2014.11.20"]
[SourceQuality "1"]

1. f4 c5 2. b3 Nf6 3. Bb2 g6 4. Bxf6 exf6 5. e4 Bg7 6. Nf3 f5 7. e5 d6 8. Bb5+ Bd7 9. Nc3 dxe5 10. fxe5 Nc6 11. Bxc6 Bxc6 12. 0-0 0-0 13. Qe2 Bxf3 14. Rxf3 Qd4+ 15. Kh1 Qxe5 16. Re3 Qd6 17. Nb5 Qc6 18. Re1 a6 19. Nc3 Rad8 20. a4 Bh6 21. Rd3 Rde8 22. Qf1 Rxe1 23. Qxe1 Re8 24. Qf1 Re5 25. h3 Qe6 26. Rd8+ Kg7 27. Qf3 Re1+ 28. Kh2 Bg5 29. Rd3 h5 30. g3 h4 31. Kg2 hxg3 32. Kxg3 c4 33. bxc4 Qb6 34. Ne2 Qc7+ 35. Kg2 Qxc4 36. Nd4 Re4 37. c3 Bf6 38. Qg3 Bxd4 39. cxd4 f4 0-1

[Event "Cipressina op-A 2nd"]
[Site "Venice"]
[Date "2013.12.01"]
[Round "5"]
[White "Lodici, Lorenzo"]
[Black "Redo, Giorgio"]
[Result "1-0"]
[WhiteElo "2050"]
[BlackElo "2090"]
[PlyCount "131"]
[EventDate "2013.11.29"]
[EventType "swiss"]
[EventRounds "5"]
[EventCountry "ITA"]
[SourceTitle "EXT 2015"]
[Source "ChessBase"]
[SourceDate "2014.11.20"]
[SourceVersion "1"]
[SourceVersionDate "2014.11.20"]
[SourceQuality "1"]

1. d4 c5 2. d5 e5 3. e4 d6 4. f4 exf4 5. Bxf4 Nf6 6. Nd2 Be7 7. Ngf3 0-0 8. Bd3 Bg4 9. 0-0 Nbd7 10. Qe1 Nh5 11. Be3 g6 12. Bh6 Ng7 13. h3 Bxf3 14. Nxf3 f6 15. c4 Ne5 16. Qd2 Qd7 17. a3 Rac8 18. Be2 Nf7 19. Bf4 Rce8 20. b4 b6 21. Bd3 Bd8 22. Rae1 Nh5 23. Bh2 Ne5 24. g4 Ng7 25. Nxe5 fxe5 26. Kg2 Bh4 27. Rb1 Qe7 28. Bc2 Bg5 29. Qc3 Rc8 30. Ba4 Qc7 31. Bc6 Ne6 32. bxc5 Nxc5 33. Qc2 Qg7 34. Bg1 Nb7 35. Qa4 Na5 36. Bb5 Rxf1 37. Rxf1 Qc7 38. Ba6 Rd8 39. Rf3 Rf8 40. Rxf8+ Kxf8 41. Qc2 Qf7 42. c5 bxc5 43. Bxc5 Qc7 44. Qf2+ Bf4 45. Bxa7 Qc3 46. Be2 Qxa3 47. Qh4 Kg7 48. Qe7+ Kg8 49. Bf2 Qa2 50. Qe8+ Kg7 51. Qd7+ Kg8 52. Qd8+ Kg7 53. Qc7+ Kg8 54. Qb8+ Kg7 55. Qa7+ Kg8 56. Bb5 Bg3 57. Qb8+ Kg7 58. Kxg3 Qd2 59. Qa7+ Kf6 60. Be3 Qe1+ 61. Kg2 g5 62. Qb6 Kg7 63. Qc7+ Kg8 64. Qd8+ Kf7 65. Be8+ Kg7 66. Qe7+ 1-0

[Event "Venice Autumn op 19th"]
[Site "Venice"]
[Date "2013.11.03"]
[Round "5"]
[White "Zuttioni, Federico"]
[Black "Redo, Giorgio"]
[Result "1-0"]
[WhiteElo "2093"]
[BlackElo "2090"]
[PlyCount "57"]
[EventDate "2013.11.01"]
[EventType "swiss"]
[EventRounds "5"]
[EventCountry "ITA"]
[SourceTitle "EXT 2015"]
[Source "ChessBase"]
[SourceDate "2014.11.20"]
[SourceVersion "1"]
[SourceVersionDate "2014.11.20"]
[SourceQuality "1"]

1. e4 Nc6 2. Nc3 e5 3. f4 d6 4. Bb5 Bd7 5. d3 Nf6 6. Nf3 exf4 7. Bxf4 Be7 8. 0-0 0-0 9. d4 a6 10. Be2 b5 11. d5 Nb8 12. b4 Ng4 13. h3 Bf6 14. Qd2 Bxc3 15. Qxc3 Qf6 16. Qd2 Ne5 17. Kh2 Nxf3+ 18. Bxf3 h6 19. Rae1 Re8 20. Bh5 Re7 21. e5 dxe5 22. Bxe5 Qh4 23. Bxg7 Kxg7 24. Rxe7 Qxe7 25. Rxf7+ Qxf7 26. Bxf7 Kxf7 27. Qf4+ Ke7 28. d6+ Kd8 29. Qf8+ 1-0

[Event "Venice Autumn op 19th"]
[Site "Venice"]
[Date "2013.11.02"]
[Round "3"]
[White "Capaliku, Aleks"]
[Black "Redo, Giorgio"]
[Result "1-0"]
[WhiteElo "2112"]
[BlackElo "2090"]
[PlyCount "107"]
[EventDate "2013.11.01"]
[EventType "swiss"]
[EventRounds "5"]
[EventCountry "ITA"]
[SourceTitle "EXT 2015"]
[Source "ChessBase"]
[SourceDate "2014.11.20"]
[SourceVersion "1"]
[SourceVersionDate "2014.11.20"]
[SourceQuality "1"]

1. f4 d5 2. b3 c5 3. Nf3 Nc6 4. e3 a6 5. Bb2 Bg4 6. Be2 Bxf3 7. Bxf3 e6 8. 0-0 h5 9. c4 Nf6 10. Bxf6 Qxf6 11. Nc3 d4 12. Bxc6+ bxc6 13. Qf3 Kd7 14. Na4 Rb8 15. e4 Be7 16. Rae1 Rbf8 17. e5 Qf5 18. Qe4 Qxe4 19. Rxe4 a5 20. f5 exf5 21. Rxf5 Ke6 22. Rf3 Rh6 23. Nb2 g5 24. Nd3 g4 25. Rf1 Kd7 26. Ref4 Ke6 27. Rf5 h4 28. R5f4 Rg6 29. Re4 Kd7 30. Rff4 g3 31. h3 Ke6 32. Rf3 Rh6 33. Kf1 Ra8 34. Nb2 Rg8 35. Ke2 Rg5 36. Nd3 Rf5 37. Nf4+ Kd7 38. Kd1 Rh8 39. Kc2 Rg8 40. Kd1 Rb8 41. a4 Rg8 42. Ke2 Rgg5 43. Nd3 Rxf3 44. Kxf3 Rf5+ 45. Rf4 Rxf4+ 46. Kxf4 Ke6 47. Ne1 Bd8 48. Nf3 d3 49. Ne1 Bc7 50. Nxd3 f6 51. Nxc5+ Ke7 52. d4 fxe5+ 53. dxe5 Bb6 54. Ne4 1-0

[Event "Venice Autumn op 19th"]
[Site "Venice"]
[Date "2013.11.01"]
[Round "1"]
[White "Guerra, Alessandro"]
[Black "Redo, Giorgio"]
[Result "1/2-1/2"]
[WhiteElo "2226"]
[BlackElo "2090"]
[PlyCount "94"]
[EventDate "2013.11.01"]
[EventType "swiss"]
[EventRounds "5"]
[EventCountry "ITA"]
[SourceTitle "EXT 2015"]
[Source "ChessBase"]
[SourceDate "2014.11.20"]
[SourceVersion "1"]
[SourceVersionDate "2014.11.20"]
[SourceQuality "1"]

1. e4 c5 2. Nf3 Nc6 3. Bb5 Nf6 4. e5 Nd5 5. 0-0 g6 6. Nc3 Nxc3 7. dxc3 Bg7 8. Qd5 Qb6 9. Bc4 e6 10. Qe4 Qc7 11. Bf4 b6 12. Rad1 Bb7 13. Qd3 a6 14. Qd6 Qxd6 15. Rxd6 b5 16. Be2 Bf8 17. Rd2 h6 18. Rfd1 0-0-0 19. h4 Be7 20. Bg3 Nb8 21. Nh2 h5 22. f4 Kc7 23. Bf3 Bc6 24. Kf1 Rhf8 25. Ke2 d5 26. exd6+ Bxd6 27. Kf1 f5 28. Bxc6 Nxc6 29. Nf3 Be7 30. Re1 Rxd2 31. Nxd2 Rd8 32. Nf3 Rd6 33. Bf2 c4 34. Bc5 Rd7 35. Bd4 Nxd4 36. cxd4 Rd6 37. d5 Bf6 38. dxe6 Kd8 39. e7+ Bxe7 40. b3 cxb3 41. cxb3 Bf6 42. Rc1 Kd7 43. Ke2 Rc6 44. Rd1+ Ke6 45. Rd2 Rc1 46. Kd3 Kd5 47. Ke3+ Ke6 1/2-1/2

[Event "Venice Autumn op 18th"]
[Site "Venice"]
[Date "2012.11.03"]
[Round "5"]
[White "Redo, Giorgio"]
[Black "Del Monaco, Andrea"]
[Result "0-1"]
[WhiteElo "2088"]
[BlackElo "2247"]
[PlyCount "34"]
[EventDate "2012.11.01"]
[EventType "swiss"]
[EventRounds "6"]
[EventCountry "ITA"]
[SourceTitle "EXT 2013"]
[Source "ChessBase"]
[SourceDate "2012.11.22"]
[SourceVersion "1"]
[SourceVersionDate "2012.11.22"]
[SourceQuality "1"]

1. f4 d5 2. Nf3 g6 3. e3 Bg7 4. c4 Nf6 5. Nc3 0-0 6. Qb3 e6 7. d4 c5 8. cxd5 exd5 9. dxc5 Nc6 10. Bb5 d4 11. Bxc6 dxc3 12. Bb5 Ne4 13. 0-0 Nxc5 14. Qa3 Qb6 15. Nd4 Ne6 16. bxc3 Nxd4 17. Bd3 Nb5 0-1

[Event "Noale Szabados Memorial-A 5th"]
[Site "Noale"]
[Date "2012.02.05"]
[Round "5"]
[White "Redo, Giorgio"]
[Black "Del Monaco, Andrea"]
[Result "0-1"]
[WhiteElo "2098"]
[BlackElo "2262"]
[PlyCount "52"]
[EventDate "2012.02.03"]
[EventType "swiss"]
[EventRounds "5"]
[EventCountry "ITA"]
[SourceTitle "EXT 2022"]
[Source "ChessBase"]
[SourceDate "2021.10.06"]
[SourceVersion "1"]
[SourceVersionDate "2021.10.06"]
[SourceQuality "1"]

1. f4 g6 2. Nf3 Bg7 3. e3 d5 4. c4 Nf6 5. Nc3 0-0 6. Qb3 e6 7. d4 c5 8. dxc5 Na6 9. Qa3 Qe7 10. b4 b6 11. cxd5 bxc5 12. Bxa6 cxb4 13. Qa4 bxc3 14. Ba3 Qe8 15. Bb5 Qd8 16. Bxf8 Kxf8 17. Qa3+ Kg8 18. Bc6 Qb6 19. Nd4 Rb8 20. Qxc3 Ne4 21. Qc2 Bxd4 22. exd4 Qa5+ 23. Ke2 Ba6+ 24. Kf3 Qa3+ 25. Kxe4 exd5+ 26. Kxd5 Rd8+ 0-1

[Event "Venice Autumn op 17th"]
[Site "Venice"]
[Date "2011.10.31"]
[Round "3"]
[White "Locci, Damiano"]
[Black "Redo, Giorgio"]
[Result "1-0"]
[WhiteElo "2127"]
[BlackElo "2114"]
[PlyCount "59"]
[EventDate "2011.10.30"]
[EventType "swiss"]
[EventRounds "5"]
[EventCountry "ITA"]
[SourceTitle "EXT 2012"]
[Source "ChessBase"]
[SourceDate "2011.11.24"]
[SourceVersion "1"]
[SourceVersionDate "2011.11.24"]
[SourceQuality "1"]

1. c4 f5 2. Nc3 c6 3. e4 fxe4 4. d3 Nf6 5. Bg5 d5 6. Bxf6 exf6 7. cxd5 Bb4 8. dxe4 Qe7 9. Qd4 0-0 10. Bc4 Kh8 11. Nge2 b5 12. Bb3 c5 13. Qe3 c4 14. Bc2 Nd7 15. 0-0 Bc5 16. Qd2 a6 17. Rad1 Qd6 18. Nd4 Ne5 19. Nce2 Bg4 20. f3 Bh5 21. Kh1 g5 22. Ne6 Bb4 23. Qe3 Rfe8 24. h3 h6 25. f4 Nf7 26. g4 Bg6 27. e5 Rxe6 28. Bxg6 gxf4 29. dxe6 Qxe5 30. Qf3 1-0

[Event "Venice Autumn op 16th"]
[Site "Venice"]
[Date "2010.10.01"]
[Round "4.5"]
[White "Redo, Giorgio"]
[Black "Rorato, Giovanni"]
[Result "1/2-1/2"]
[WhiteElo "2115"]
[BlackElo "2062"]
[PlyCount "69"]
[EventDate "2010.10.30"]
[EventType "swiss"]
[EventRounds "5"]
[EventCountry "ITA"]
[SourceTitle "EXT 2011"]
[Source "ChessBase"]
[SourceDate "2010.11.26"]
[SourceVersion "1"]
[SourceVersionDate "2010.11.26"]
[SourceQuality "1"]

1. f4 d5 2. Nf3 Nf6 3. e3 g6 4. b3 Bg7 5. Bb2 0-0 6. Be2 c5 7. 0-0 Nc6 8. Ne5 Qc7 9. Nxc6 Qxc6 10. d3 Re8 11. Qe1 d4 12. e4 e5 13. Qg3 exf4 14. Qxf4 Be6 15. Nd2 Rac8 16. a4 Qc7 17. Qh4 Nd7 18. Bg4 Qd8 19. Qh3 Ne5 20. Bxe6 fxe6 21. Nf3 Qe7 22. Nxe5 Bxe5 23. Bc1 Rf8 24. Bh6 Bg7 25. Bd2 Be5 26. Qg4 Rxf1+ 27. Rxf1 Rf8 28. Rxf8+ Kxf8 29. Bh6+ Kg8 30. g3 b6 31. Kg2 Kf7 32. Bg5 Bf6 33. Qf4 e5 34. Bxf6 Qxf6 35. Qg4 1/2-1/2

[Event "Venice Autumn op 13th"]
[Site "Venice"]
[Date "2007.11.04"]
[Round "6"]
[White "Pesco, Giuseppe"]
[Black "Redo, Giorgio"]
[Result "0-1"]
[WhiteElo "2031"]
[BlackElo "2093"]
[PlyCount "108"]
[EventDate "2007.11.01"]
[EventType "swiss"]
[EventRounds "6"]
[EventCountry "ITA"]
[SourceTitle "EXT 2008"]
[Source "ChessBase"]
[SourceDate "2007.11.25"]
[SourceVersion "1"]
[SourceVersionDate "2007.11.25"]
[SourceQuality "1"]

1. Nf3 Nf6 2. g3 g6 3. Bg2 Bg7 4. 0-0 0-0 5. d3 d6 6. e4 e5 7. h3 c5 8. Nbd2 Nc6 9. c3 b6 10. a4 a6 11. Qe2 Bb7 12. Nh2 Qe7 13. Ng4 Nh5 14. Ne3 Nd8 15. Ndc4 b5 16. Nb6 Rb8 17. Nbd5 Bxd5 18. Nxd5 Qd7 19. axb5 axb5 20. Bd2 Nf6 21. Ra6 Nxd5 22. exd5 f5 23. Rfa1 Nf7 24. Kh2 Rfe8 25. Qd1 c4 26. Qf1 cxd3 27. Qxd3 e4 28. Qc2 Rec8 29. Qb3 Ne5 30. Bf4 Nc4 31. Qb4 Be5 32. Bh6 Qb7 33. b3 Nb2 34. Ra7 Qxd5 35. Rf1 Rxc3 36. Qa5 Nd3 37. Rd7 Qa8 38. Ra7 Qc6 39. Ra6 Qc7 40. Qxc7 Rxc7 41. f3 exf3 42. Rxf3 Ne1 43. Rf2 Nxg2 44. Kxg2 Rbc8 45. Raa2 Rc3 46. Rf3 Rxf3 47. Kxf3 Rc3+ 48. Ke2 Rxg3 49. Ra8+ Kf7 50. h4 Ke6 51. Ra7 Rh3 52. Bg5 h6 53. Bxh6 Rxh4 54. Bc1 Rb4 0-1

[Event "Venice Autumn op 11th"]
[Site "Venice"]
[Date "2005.11.01"]
[Round "6"]
[White "Redo, Giorgio"]
[Black "Sarakauskiene, Zivile"]
[Result "1/2-1/2"]
[WhiteElo "2037"]
[BlackElo "2161"]
[PlyCount "124"]
[EventDate "2005.10.29"]
[EventType "swiss"]
[EventRounds "6"]
[EventCountry "ITA"]
[SourceTitle "EXT 2006"]
[Source "ChessBase"]
[SourceDate "2005.11.24"]
[SourceVersion "1"]
[SourceVersionDate "2005.11.24"]
[SourceQuality "1"]

1. f4 d5 2. e3 d4 3. e4 e5 4. d3 Nc6 5. Nf3 Bg4 6. Be2 Bxf3 7. Bxf3 Bd6 8. f5 h5 9. 0-0 g6 10. fxg6 fxg6 11. Nd2 Qd7 12. Nc4 Be7 13. a4 0-0-0 14. Bd2 Nf6 15. b4 Qe6 16. b5 Nb8 17. a5 Nfd7 18. Rb1 Rh7 19. Qc1 Rg8 20. Bg5 Bc5 21. h3 Rf7 22. Rf2 Nf8 23. Qd2 Nh7 24. Rbf1 Rff8 25. h4 Nd7 26. Bd1 Re8 27. Rf7 Nxg5 28. hxg5 Be7 29. Kh2 Ref8 30. Rxf8+ Rxf8 31. Rxf8+ Nxf8 32. g4 h4 33. Qf2 Nh7 34. c3 dxc3 35. Qxa7 Nxg5 36. Qa8+ Kd7 37. Qxb7 Nf3+ 38. Kh1 c2 39. Bxc2 Qxg4 40. Nb6+ Ke8 41. Qc8+ Qxc8 42. Nxc8 Bc5 43. a6 Nd4 44. Ba4 Kd7 45. a7 Bxa7 46. Nxa7 Kd6 47. Bd1 Kc5 48. Kg2 g5 49. Bg4 Kd6 50. Kf2 Kc5 51. Bd7 Kd6 52. Bg4 Kc5 53. Ke3 Kd6 54. Bc8 Nc2+ 55. Kf3 Ne1+ 56. Kg4 Nxd3 57. Kxg5 Nf2 58. Kxh4 Nxe4 59. Bb7 Nc3 60. Bc8 Kc5 61. Bd7 e4 62. Kg3 Kb6 1/2-1/2